[Event "II Aberto do Brasil de Maringa id. fide 69253 id. 
[Site "Maringa - Parana - Brasil"]
[Date "2012.08.09"]
[Round "2"]
[Board "1"]
[White "MARECO, Sandro"]
[Black "BASTOS, Guilherme Exterhotter"]
[Result "1-0"]
[WhiteElo "2589"]
[BlackElo "1958"]
[PlyCount "89"]
[EventDate "2012.08.08"]
[EventRounds "9"]
[EventCountry "BRA"]

1. d4 d5 2. c4 c6 3. Nc3 Nf6 4. e3 Bf5 5. cxd5 cxd5 6. Qb3 Qd7 7. Nf3 e6 8. Bb5
Nc6 9. Ne5 Qc7 10. Qa4 Rc8 11. Qxa7 Bd6 12. Nxc6 bxc6 13. Qxc7 Rxc7 14. Be2 Ke7
15. f3 Bb4 16. Bd2 Bg6 17. a3 Ra8 18. Kf2 Bxc3 19. Bxc3 Kd7 20. Rhc1 Ne8 21. a4
Rb7 22. Bd1 Nc7 23. b3 Na6 24. Ba5 Nb4 25. Bxb4 Rxb4 26. Rc5 Bd3 27. Rac1 Rb6
28. R1c3 Ba6 29. Ke1 Rc8 30. Kd2 Bf1 31. g3 f6 32. Kc1 e5 33. dxe5 fxe5 34. f4
Kd6 35. Bg4 Rc7 36. fxe5+ Kxe5 37. a5 Rb5 38. Rxc6 Rxc6 39. Rxc6 Ke4 40. Kd2 d4
41. Re6+ Kd5 42. e4+ Kc5 43. Re5+ Kb4 44. Rxb5+ Kxb5 45. Be6 1-0

[Event "II Aberto do Brasil de Maringa id. fide 69253 id. 
[Site "Maringa - Parana - Brasil"]
[Date "2012.08.09"]
[Round "2"]
[Board "4"]
[White "MARTINS, Anderson Donay"]
[Black "MATSUURA, Everaldo"]
[Result "0-1"]
[WhiteElo "1936"]
[BlackElo "2487"]
[PlyCount "56"]
[EventDate "2012.08.08"]
[EventRounds "9"]
[EventCountry "BRA"]

1. e4 c5 2. Nc3 Nc6 3. f4 g6 4. Nf3 Bg7 5. Bc4 e6 6. O-O Nge7 7. e5 d6 8. exd6
Qxd6 9. Ne4 Qc7 10. d3 O-O 11. a3 b6 12. Qe1 Nf5 13. Ba2 Bb7 14. g4 Nd6 15. c3
Ba6 16. Nf2 Rae8 17. g5 e5 18. Ng4 exf4 19. Qh4 Nf5 20. Bxf4 Qd7 21. Qh3 Qxd3
22. Nf6+ Bxf6 23. gxf6 Ne5 24. Bh6 Bb7 25. Bxf7+ Rxf7 26. Rae1 Nxh6 27. Qxh6
Nxf3+ 28. Kf2 Nxe1 0-1

[Event "II Aberto do Brasil de Maringa id. fide 69253 id. 
[Site "Maringa - Parana - Brasil"]
[Date "2012.08.09"]
[Round "2"]
[Board "5"]
[White "MOLINA, Roberto Junio Brito"]
[Black "NOLASCO, Roger Minks"]
[Result "1-0"]
[WhiteElo "2423"]
[BlackElo "1936"]
[PlyCount "49"]
[EventDate "2012.08.08"]
[EventRounds "9"]
[EventCountry "BRA"]

1. d4 Nf6 2. c4 g6 3. Nf3 Bg7 4. g3 O-O 5. Bg2 d6 6. O-O Re8 7. Nc3 Nbd7 8. e4
e5 9. h3 exd4 10. Nxd4 Nc5 11. Re1 c6 12. Bf4 Nh5 13. Be3 h6 14. Qd2 Kh7 15.
Rad1 Nf6 16. Nxc6 bxc6 17. Bxc5 Bxh3 18. Qf4 Qa5 19. Bxd6 Bxg2 20. Kxg2 Kg8 21.
e5 Nh7 22. Qf3 Qa6 23. Qd3 Rad8 24. e6 fxe6 25. Qxg6 1-0

[Event "II Aberto do Brasil de Maringa id. fide 69253 id. 
[Site "Maringa - Parana - Brasil"]
[Date "2012.08.09"]
[Round "2"]
[Board "7"]
[White "ABDALLA, Luiz Guilherme Aurelli"]
[Black "TAVARES, Imyra Cecilia"]
[Result "1-0"]
[WhiteElo "2338"]
[BlackElo "1929"]
[PlyCount "81"]
[EventDate "2012.08.08"]
[EventRounds "9"]
[EventCountry "BRA"]

1. d4 g6 2. c4 Bg7 3. Nf3 Nf6 4. Nc3 d6 5. e4 O-O 6. Be2 e5 7. O-O exd4 8. Nxd4
Re8 9. f3 c6 10. Nc2 Qe7 11. Bf4 Rd8 12. Qd2 d5 13. cxd5 cxd5 14. exd5 Be6 15.
d6 Qd7 16. Rad1 Nc6 17. Bg5 Re8 18. Kh1 Rac8 19. Rfe1 a6 20. Na4 Nd5 21. Ne3
Ncb4 22. a3 Qxa4 23. axb4 Nxe3 24. Qxe3 Qxb4 25. Qd2 Qxd2 26. Rxd2 Bd7 27. Red1
Re6 28. Kg1 Rce8 29. Be7 Rc8 30. b3 b5 31. Ra2 a5 32. f4 Rc3 33. Bg4 f5 34. Bf3
Kh8 35. Rxa5 Bf6 36. Ra8+ Kg7 37. Bf8+ Kf7 38. Bd5 Rce3 39. Bh6 Bg7 40. Bxg7
Kxg7 41. Bxe6 1-0

[Event "II Aberto do Brasil de Maringa id. fide 69253 id. 
[Site "Maringa - Parana - Brasil"]
[Date "2012.08.09"]
[Round "2"]
[Board "9"]
[White "CAVALCANTI, Francisco De Assis"]
[Black "AOYAMA, Edmundo"]
[Result "1/2-1/2"]
[WhiteElo "2290"]
[BlackElo "1915"]
[PlyCount "45"]
[EventDate "2012.08.08"]
[EventRounds "9"]
[EventCountry "BRA"]

1. e4 d6 2. d4 Nf6 3. Nc3 g6 4. Nf3 Bg7 5. Be2 c6 6. a4 O-O 7. O-O b6 8. Re1
Ba6 9. Bg5 Qc7 10. Qc1 Bxe2 11. Rxe2 e5 12. d5 c5 13. a5 Na6 14. Nd2 Qd7 15.
axb6 axb6 16. Nc4 Rfb8 17. Re1 b5 18. Nd2 Nb4 19. Rb1 Nh5 20. Nf1 Rf8 21. f3 f5
22. Ne3 Bf6 23. Bxf6 1/2-1/2

[Event "II Aberto do Brasil de Maringa id. fide 69253 id. 
[Site "Maringa - Parana - Brasil"]
[Date "2012.08.09"]
[Round "2"]
[Board "10"]
[White "DELGADO, Lidio Dias"]
[Black "REIS, Nicolas Rodrigues Dos"]
[Result "1-0"]
[WhiteElo "2285"]
[BlackElo "1897"]
[PlyCount "63"]
[EventDate "2012.08.08"]
[EventRounds "9"]
[EventCountry "BRA"]

1. e4 c5 2. Nf3 Nc6 3. c3 d5 4. exd5 Qxd5 5. d4 Bg4 6. Be2 cxd4 7. cxd4 e6 8.
Nc3 Qa5 9. O-O Be7 10. h3 Bh5 11. Be3 Nf6 12. a3 Nd5 13. Qb3 Qb6 14. Qd1 O-O
15. Nxd5 exd5 16. Ne5 Bxe2 17. Qxe2 Rad8 18. Nxc6 Qxc6 19. Rac1 Qd7 20. Rc2 Bf6
21. Rfc1 Rc8 22. Qf3 Rcd8 23. Rc7 Qb5 24. b4 Rfe8 25. Qf5 a5 26. R1c5 Qe2 27.
Rxd5 Rb8 28. bxa5 Rxe3 29. fxe3 Qxe3+ 30. Kh2 Rf8 31. Rc8 Qxa3 32. Rxf8+ 1-0

[Event "II Aberto do Brasil de Maringa id. fide 69253 id. 
[Site "Maringa - Parana - Brasil"]
[Date "2012.08.09"]
[Round "2"]
[Board "11"]
[White "TASHIMA, Vanessa Kelly"]
[Black "BARRETO FILHO, Carlos Alberto"]
[Result "0-1"]
[WhiteElo "1902"]
[BlackElo "2279"]
[PlyCount "88"]
[EventDate "2012.08.08"]
[EventRounds "9"]
[EventCountry "BRA"]

1. e4 c5 2. c3 d6 3. d4 Nf6 4. Bd3 g6 5. dxc5 dxc5 6. e5 Nfd7 7. f4 Bg7 8. Nf3
O-O 9. Qe2 Nb6 10. O-O Nc6 11. Nbd2 Qc7 12. Nc4 Nxc4 13. Bxc4 Na5 14. Bd3 c4
15. Bc2 b6 16. Ng5 f6 17. Nxh7 Kxh7 18. Qh5+ Kg8 19. Bxg6 Rd8 20. Qh7+ Kf8 21.
f5 Qc5+ 22. Kh1 Qd5 23. Bh5 Qg8 24. Qg6 Bb7 25. e6 Bc6 26. Qg3 Qh8 27. Bf7 Rd3
28. Be3 Nb7 29. Rf4 Qh6 30. Re1 Rad8 31. h3 Nd6 32. Bg6 Ba8 33. Rh4 Ne4 34.
Bxh6 Nxg3+ 35. Kh2 Bxh6 36. Rxh6 Ne4 37. Rh8+ Kg7 38. Rh7+ Kg8 39. Rxe7 Rd2 40.
Bh7+ Kh8 41. Rxa7 Ng5 42. Rxa8 Rxa8 43. Kg1 Nxh7 44. e7 Re8 0-1

[Event "II Aberto do Brasil de Maringa id. fide 69253 id. 
[Site "Maringa - Parana - Brasil"]
[Date "2012.08.09"]
[Round "2"]
[Board "13"]
[White "CABRAL, Denrick"]
[Black "GONZALEZ, Bolivar Ribeiro"]
[Result "0-1"]
[WhiteElo "1896"]
[BlackElo "2257"]
[PlyCount "64"]
[EventDate "2012.08.08"]
[EventRounds "9"]
[EventCountry "BRA"]

1. e4 c5 2. Nc3 Nc6 3. f4 g6 4. Nf3 Bg7 5. Bc4 d6 6. d3 e6 7. O-O Nge7 8. Qe1
a6 9. a4 Nd4 10. Nxd4 cxd4 11. Ne2 d5 12. Bb3 dxe4 13. dxe4 d3 14. Nc3 dxc2 15.
Bxc2 Qb6+ 16. Kh1 O-O 17. Qh4 Re8 18. a5 Qc7 19. f5 exf5 20. exf5 Bxf5 21. Bf4
Qc4 22. Ba4 Nc6 23. Rfc1 Rad8 24. Nb5 Qb4 25. Nc7 Rf8 26. Bxc6 bxc6 27. Nxa6
Qxb2 28. h3 Be4 29. Qg3 Rd3 30. Qg4 h5 31. Qg5 Rxh3+ 32. Kg1 Bd4+ 0-1

[Event "II Aberto do Brasil de Maringa id. fide 69253 id. 
[Site "Maringa - Parana - Brasil"]
[Date "2012.08.09"]
[Round "2"]
[Board "14"]
[White "MARTINS, Carlos"]
[Black "CANTINI, Dirney"]
[Result "1-0"]
[WhiteElo "2250"]
[BlackElo "1881"]
[PlyCount "29"]
[EventDate "2012.08.08"]
[EventRounds "9"]
[EventCountry "BRA"]

1. e4 e5 2. Nf3 Nc6 3. d4 exd4 4. Nxd4 Nxd4 5. Qxd4 c5 6. Qd3 a6 7. Nc3 b5 8.
g3 Bb7 9. Bg2 h5 10. h4 Nf6 11. O-O Qb6 12. Bg5 Ng4 13. Nd5 Qa5 14. f3 Ne5 15.
Qc3 1-0

[Event "II Aberto do Brasil de Maringa id. fide 69253 id. 
[Site "Maringa - Parana - Brasil"]
[Date "2012.08.09"]
[Round "2"]
[Board "15"]
[White "SANTOS, Emanuel Valentin Dos"]
[Black "VILLALBA, Marcelo"]
[Result "0-1"]
[WhiteElo "1888"]
[BlackElo "2243"]
[PlyCount "70"]
[EventDate "2012.08.08"]
[EventRounds "9"]
[EventCountry "BRA"]

1. e4 e5 2. Nf3 Nc6 3. Bb5 a6 4. Ba4 Nf6 5. d3 b5 6. Bb3 Be7 7. O-O O-O 8. Re1
d6 9. c3 Na5 10. Bc2 c5 11. Nbd2 Re8 12. h3 Bf8 13. Nf1 Qc7 14. Bg5 Nd7 15. Ng3
h6 16. Be3 g6 17. Qd2 Kh7 18. Nh2 Bg7 19. b4 Nc6 20. Bb3 Nd8 21. h4 h5 22. Qe2
Ne6 23. Nf3 Ndf8 24. Ng5+ Nxg5 25. hxg5 Be6 26. Bxe6 Nxe6 27. Kh2 Qd8 28. Rh1
Nxg5 29. Nxh5 Rh8 30. Kg1 Kg8 31. Nxg7 Rxh1+ 32. Kxh1 Kxg7 33. bxc5 dxc5 34.
Bxc5 Ne6 35. Be3 Qh4+ 0-1

[Event "II Aberto do Brasil de Maringa id. fide 69253 id. 
[Site "Maringa - Parana - Brasil"]
[Date "2012.08.09"]
[Round "2"]
[Board "17"]
[White "DE CARVALHO, Igor Lorenzon"]
[Black "UMETSUBO, Cesar Hidemitsu"]
[Result "0-1"]
[WhiteElo "1878"]
[BlackElo "2236"]
[PlyCount "82"]
[EventDate "2012.08.08"]
[EventRounds "9"]
[EventCountry "BRA"]

1. d4 Nf6 2. Nf3 e6 3. c4 d5 4. Nc3 Be7 5. cxd5 exd5 6. Bg5 c6 7. Qc2 g6 8. e3
Bf5 9. Bd3 Bxd3 10. Qxd3 Nbd7 11. O-O O-O 12. Rab1 Re8 13. b4 a6 14. a4 Ne4 15.
Bxe7 Qxe7 16. b5 axb5 17. axb5 Ra3 18. Rfc1 cxb5 19. Ra1 Nxc3 20. Rxa3 Qxa3 21.
Qxc3 Qxc3 22. Rxc3 Nb6 23. Rb3 Ra8 24. g3 Ra5 25. Ne5 Kf8 26. Nd3 Nd7 27. Rc3
Ke7 28. Rc7 Kd6 29. Rc3 Ra1+ 30. Kg2 Rb1 31. Kf3 Nb6 32. Nc5 Kc6 33. e4 b4 34.
Rc2 Nc4 35. exd5+ Kxd5 36. Nxb7 Kxd4 37. Nd8 b3 38. Nc6+ Kd5 39. Ne7+ Kc5 40.
Rc3 b2 41. Nc8 Rc1 0-1

[Event "II Aberto do Brasil de Maringa id. fide 69253 id. 
[Site "Maringa - Parana - Brasil"]
[Date "2012.08.09"]
[Round "2"]
[Board "18"]
[White "FELICIANO EBERT, Vanessa"]
[Black "SAKADA, Carolina Contrera"]
[Result "1-0"]
[WhiteElo "2231"]
[BlackElo "1868"]
[PlyCount "55"]
[EventDate "2012.08.08"]
[EventRounds "9"]
[EventCountry "BRA"]

1. d4 Nf6 2. c4 g6 3. Nc3 Bg7 4. e4 d6 5. f3 Nbd7 6. Bg5 c5 7. d5 h6 8. Be3 Qb6
9. Qd2 a6 10. Nge2 Ne5 11. Ng3 Qb4 12. b3 h5 13. h4 Nh7 14. Rc1 a5 15. Be2 Bd7
16. O-O Qb6 17. a4 O-O 18. Bd1 Qd8 19. Bc2 e6 20. Bh6 Qxh4 21. Bxg7 Kxg7 22.
dxe6 fxe6 23. Nce2 Ra6 24. Rcd1 Nf6 25. Qc3 Kh7 26. Rd2 Raa8 27. Rxd6 Rf7 28.
Qxe5 1-0

[Event "II Aberto do Brasil de Maringa id. fide 69253 id. 
[Site "Maringa - Parana - Brasil"]
[Date "2012.08.09"]
[Round "2"]
[Board "19"]
[White "ARAUJO, Leonardo Augusto De"]
[Black "PROUDIAN, Armen"]
[Result "0-1"]
[WhiteElo "1873"]
[BlackElo "2223"]
[PlyCount "76"]
[EventDate "2012.08.08"]
[EventRounds "9"]
[EventCountry "BRA"]

1. e4 e5 2. Nf3 Nc6 3. d4 exd4 4. Bc4 Nf6 5. e5 d5 6. Bb5 Ne4 7. Nxd4 Bd7 8.
Bxc6 bxc6 9. O-O Bc5 10. f3 Ng5 11. f4 Ne4 12. Be3 Bb6 13. Nc3 c5 14. Nb3 Nxc3
15. bxc3 c4 16. Nd4 c5 17. Ne2 Bc6 18. f5 Qd7 19. Bg5 d4 20. h4 h6 21. e6 fxe6
22. fxe6 Qd5 23. Nf4 Qe4 24. Qh5+ g6 25. Qxg6+ Qxg6 26. Nxg6 Rg8 27. Ne7 Rxg5
28. hxg5 Kxe7 29. Rf7+ Kxe6 30. Raf1 hxg5 31. R1f6+ Kd5 32. Rf5+ Ke4 33. Rxg5
d3 34. Re7+ Kf4 35. Rge5 Rf8 36. g3+ Kf3 37. Re1 d2 38. Rf1+ Kxg3 0-1

[Event "II Aberto do Brasil de Maringa id. fide 69253 id. 
[Site "Maringa - Parana - Brasil"]
[Date "2012.08.09"]
[Round "2"]
[Board "20"]
[White "RIOS FILHO, Hilton Carlos"]
[Black "CATHCART, Joice"]
[Result "1/2-1/2"]
[WhiteElo "2212"]
[BlackElo "1853"]
[PlyCount "94"]
[EventDate "2012.08.08"]
[EventRounds "9"]
[EventCountry "BRA"]

1. d4 Nf6 2. c4 g6 3. Nc3 Bg7 4. Nf3 O-O 5. e4 d6 6. Be3 Nc6 7. d5 Nb8 8. Be2
c6 9. h3 Nbd7 10. Nd4 Qc7 11. O-O Nc5 12. Bf3 a5 13. dxc6 bxc6 14. e5 dxe5 15.
Ndb5 cxb5 16. Nxb5 Qb6 17. Bxa8 Be6 18. Nc3 Bxc4 19. Re1 Qxb2 20. Bxc5 Qxc3 21.
Re3 Qb2 22. Bf3 e4 23. Bd4 Qb7 24. Be2 Bxe2 25. Qxe2 Nd5 26. Bxg7 Kxg7 27. Rb3
Qc7 28. Qxe4 Nf6 29. Qe1 a4 30. Rb5 Ra8 31. Rc1 Qd7 32. Qe2 Qd6 33. Qc4 Qd2 34.
Rc2 Qe1+ 35. Kh2 Qe5+ 36. g3 a3 37. Re2 Qd6 38. Rb1 Re8 39. Qc3 Qa6 40. Qf3 e6
41. Kg2 Rd8 42. Re3 Rd5 43. Rb4 Rf5 44. Rf4 Nd5 45. Rxf5 Nxe3+ 46. Qxe3 exf5
47. h4 Qd6 1/2-1/2

[Event "II Aberto do Brasil de Maringa id. fide 69253 id. 
[Site "Maringa - Parana - Brasil"]
[Date "2012.08.09"]
[Round "2"]
[Board "21"]
[White "SERAFIM JUNIOR, Arnor"]
[Black "MARQUES, Joao Paulo Cassemiro"]
[Result "0-1"]
[WhiteElo "1859"]
[BlackElo "2205"]
[PlyCount "54"]
[EventDate "2012.08.08"]
[EventRounds "9"]
[EventCountry "BRA"]

1. c4 f5 2. Nf3 Nf6 3. Nc3 g6 4. d4 Bg7 5. Bf4 d6 6. Qd2 h6 7. h3 g5 8. Bh2 Ne4
9. Qd3 Nxc3 10. bxc3 O-O 11. e3 Nc6 12. Rd1 Qe8 13. Qb1 e5 14. d5 Na5 15. Qb4
b6 16. Be2 Nb7 17. O-O Nc5 18. Nd2 a5 19. Qa3 e4 20. Nb3 Qa4 21. Qb2 Ba6 22.
Nd2 Qd7 23. Nb3 Na4 24. Qc2 Nxc3 25. Rc1 Qa4 26. Nd4 Qxc2 27. Rxc2 Bxd4 0-1

[Event "II Aberto do Brasil de Maringa id. fide 69253 id. 
[Site "Maringa - Parana - Brasil"]
[Date "2012.08.09"]
[Round "2"]
[Board "22"]
[White "CHEMIN, Vitorio"]
[Black "SOUZA, Gustavo Horokoski De"]
[Result "1-0"]
[WhiteElo "2205"]
[BlackElo "1846"]
[PlyCount "75"]
[EventDate "2012.08.08"]
[EventRounds "9"]
[EventCountry "BRA"]

1. d4 d5 2. Nf3 Nf6 3. c4 e6 4. g3 c6 5. Bg2 Nbd7 6. cxd5 exd5 7. O-O Bd6 8.
Nc3 O-O 9. Qc2 Nb6 10. Rb1 Be6 11. Ng5 Qd7 12. e4 dxe4 13. Ncxe4 Nxe4 14. Bxe4
h6 15. Bxc6 Bf5 16. Be4 Bxe4 17. Nxe4 Qf5 18. Bd2 Rac8 19. Qd3 Rfe8 20. Rfe1
Nd5 21. Nc5 Qxd3 22. Nxd3 Nf6 23. Rxe8+ Rxe8 24. Bf4 Bxf4 25. Nxf4 g5 26. Nd3
Rd8 27. Nc5 Rxd4 28. Nxb7 Ne4 29. Re1 Rb4 30. Nd8 f5 31. Re2 Rb6 32. f3 Nf6 33.
b3 a6 34. Ne6 Kf7 35. Nc5 Nd5 36. Nd7 Rb7 37. Ne5+ Kf6 38. Nc4 1-0

[Event "II Aberto do Brasil de Maringa id. fide 69253 id. 
[Site "Maringa - Parana - Brasil"]
[Date "2012.08.09"]
[Round "2"]
[Board "23"]
[White "DE SOUZA ASSIS, Rafael"]
[Black "OSIPI, Jair"]
[Result "0-1"]
[WhiteElo "1850"]
[BlackElo "2204"]
[PlyCount "164"]
[EventDate "2012.08.08"]
[EventRounds "9"]
[EventCountry "BRA"]

1. d4 Nf6 2. c4 g6 3. Nc3 Bg7 4. e4 d6 5. f4 c6 6. Be2 a6 7. Nf3 O-O 8. O-O b5
9. a3 bxc4 10. Bxc4 d5 11. Bd3 dxe4 12. Nxe4 Bg4 13. Be3 Nd5 14. Bf2 Nxf4 15.
Bc4 Nd7 16. h3 Bxf3 17. Qxf3 Nd5 18. Rad1 Rb8 19. Rd2 a5 20. Bg3 Rb6 21. Nc3
N7f6 22. Na4 Bh6 23. Re2 Rb7 24. Nc5 $11 Ra7 25. Be5 Bg7 26. Kh1 Qc8 27. Rfe1
Rd8 28. Rf1 Rf8 29. Rfe1 Nb6 30. Ba2 Nbd7 31. Rf2 Nxc5 32. dxc5 Rd7 33. Bc3 Qa6
34. Rfe2 Rd3 35. Re3 Rxe3 36. Rxe3 $11 Qb7 37. Qe2 Qa7 38. Rxe7 Qxc5 39. Re5
Qd6 40. Rxa5 Nh5 41. Qf3 Ng3+ 42. Kg1 Bd4+ 43. Bxd4 Qxd4+ 44. Kh2 Ne4 45. b4
Qd6+ 46. Kg1 Qd4+ 47. Kh2 Kg7 48. Qf4 f5 49. Qc7+ Kh6 50. Ra7 Qd6+ 51. Qxd6
Nxd6 52. Ra6 Nb5 53. a4 Nd4 54. Bc4 Rb8 55. b5 cxb5 56. axb5 Nxb5 57. Bxb5 Rxb5
58. Ra7 Rb3 59. Rf7 Ra3 60. g3 Ra2+ 61. Kg1 Rb2 62. Ra7 g5 63. Ra4 Re2 64. Rc4
Kg6 65. Rc6+ Kg7 66. Rc7+ Kf6 67. Rc6+ Re6 68. Rc2 Ke5 69. Re2+ Kf6 70. Rf2 h5
71. Kg2 Re4 72. Ra2 h4 73. gxh4 Rxh4 74. Kg3 Re4 75. Rf2 Re3+ 76. Kg2 Kg6 77.
Ra2 f4 78. Ra5 Re2+ 79. Kf3 Rh2 80. Ra6+ Kh5 81. Ra8 Rxh3+ 82. Ke4 Kg4 0-1

[Event "II Aberto do Brasil de Maringa id. fide 69253 id. 
[Site "Maringa - Parana - Brasil"]
[Date "2012.08.09"]
[Round "2"]
[Board "24"]
[White "CRUZ, William Ferreira Da"]
[Black "CATHCART, Jessica"]
[Result "1-0"]
[WhiteElo "2188"]
[BlackElo "1827"]
[PlyCount "39"]
[EventDate "2012.08.08"]
[EventRounds "9"]
[EventCountry "BRA"]

1. d4 Nf6 2. c4 d6 3. Nc3 g6 4. e4 Bg7 5. Be2 O-O 6. Nf3 Nc6 7. d5 Nb4 8. O-O
c6 9. Be3 Ng4 10. Bd4 e5 11. dxe6 Bxe6 12. Bxg7 Kxg7 13. a3 Na6 14. Qd4+ Ne5
15. Nxe5 c5 16. Nxf7+ cxd4 17. Nxd8 Rfxd8 18. Nb5 Nc5 19. b4 a6 20. Nxd4 1-0

[Event "II Aberto do Brasil de Maringa id. fide 69253 id. 
[Site "Maringa - Parana - Brasil"]
[Date "2012.08.09"]
[Round "2"]
[Board "25"]
[White "BARBOSA, Jefferson Lucas Munhoz"]
[Black "CALCADO, Acyr Rogerio"]
[Result "1/2-1/2"]
[WhiteElo "1829"]
[BlackElo "2165"]
[PlyCount "124"]
[EventDate "2012.08.08"]
[EventRounds "9"]
[EventCountry "BRA"]

1. e4 c6 2. d4 d5 3. Nc3 dxe4 4. Nxe4 Bf5 5. Ng3 Bg6 6. h4 h6 7. Nf3 Nd7 8. h5
Bh7 9. Bd3 Bxd3 10. Qxd3 e6 11. Bd2 Qc7 12. O-O-O Ngf6 13. c4 Bd6 14. Ne4 Bf4
15. g3 Bxd2+ 16. Rxd2 O-O-O 17. c5 Nxe4 18. Qxe4 Qa5 19. a3 Qa4 20. Qf4 Qc4+
21. Kb1 Qd5 22. g4 f5 23. Re1 Rhf8 24. g5 hxg5 25. Nxg5 Nxc5 26. Re5 Qh1+ 27.
Ka2 Nd7 28. Ra5 Rde8 29. Qd6 b6 30. Rc2 c5 31. Rxa7 Qd5+ 32. Qxd5 exd5 33. dxc5
bxc5 34. Rd2 Nf6 35. Rxg7 Nxh5 36. Rh7 Nf6 37. Rh1 Kd7 38. Rc1 Kd6 39. Rdc2 Ne4
40. Nh3 c4 41. Rd1 Kc5 42. Nf4 d4 43. b4+ Kb5 44. Rxd4 Rc8 45. Rd5+ Kb6 46. Ne6
Rf6 47. Nd4 f4 48. f3 Nd6 49. a4 Re8 50. Rc5 Re3 51. a5+ Kb7 52. b5 Rd3 53. Ne2
Rxf3 54. b6 Ka6 55. Nd4 Rd3 56. Nc6 f3 57. Rf2 Rb3 58. Nb8+ Kb7 59. Nd7 Rf5 60.
Rc7+ Ka6 61. Nc5+ Kxa5 62. Nxb3+ cxb3+ 1/2-1/2

[Event "II Aberto do Brasil de Maringa id. fide 69253 id. 
[Site "Maringa - Parana - Brasil"]
[Date "2012.08.09"]
[Round "2"]
[Board "26"]
[White "NAME, Gabriel Ricardo Salim"]
[Black "SANTOS, Otavio Belegarde Dos"]
[Result "1-0"]
[WhiteElo "2160"]
[BlackElo "1822"]
[PlyCount "130"]
[EventDate "2012.08.08"]
[EventRounds "9"]
[EventCountry "BRA"]

1. d4 e6 2. c4 d5 3. Nc3 Nf6 4. Nf3 Bb4 5. Bg5 O-O 6. e3 b6 7. cxd5 exd5 8. Be2
Nbd7 9. O-O Bb7 10. Ne5 Bxc3 11. bxc3 Qe8 12. Nxd7 Nxd7 13. Bd3 h6 14. Bf4 Qe6
15. Qc2 c5 16. Rae1 Nf6 17. h3 Rac8 18. Bf5 Qe7 19. Bxc8 Rxc8 20. f3 Ba6 21.
Rf2 cxd4 22. Qa4 Bd3 23. cxd4 Rc4 24. Qb3 Rxd4 25. Qc3 Qb4 26. Qxb4 Rxb4 27.
Be5 Nd7 28. Bd6 Ra4 29. Rd1 Bc4 30. Rdd2 Nf6 31. g4 g5 32. Kh2 Ne8 33. Be5 f6
34. Bd4 Kf7 35. e4 Nc7 36. f4 Ne6 37. fxg5 Nxd4 38. Rxd4 hxg5 39. e5 Rxa2 40.
Rxa2 Bxa2 41. Ra4 Bc4 42. Rxa7+ Ke6 43. exf6 Kxf6 44. Kg3 b5 45. Rb7 d4 46.
Rb6+ Ke5 47. Kf3 Bd3 48. Rb8 Kd5 49. Kf2 Kc4 50. Rc8+ Kd5 51. Rd8+ Kc4 52. Rc8+
Kd5 53. Rg8 b4 54. Ke1 b3 55. Rb8 Kc4 56. Kd2 Bf1 57. Rh8 d3 58. Rc8+ Kb4 59.
Rb8+ Ka3 60. Kc3 Ka2 61. Rxb3 Bxh3 62. Rb4 Bf1 63. Rb2+ Ka1 64. Rb5 Be2 65.
Rxg5 Ka2 1-0

[Event "II Aberto do Brasil de Maringa id. fide 69253 id. 
[Site "Maringa - Parana - Brasil"]
[Date "2012.08.09"]
[Round "2"]
[Board "27"]
[White "COELHO, Tatiane Cristina"]
[Black "CHEMIN, Justo Reinaldo"]
[Result "0-1"]
[WhiteElo "1806"]
[BlackElo "2153"]
[PlyCount "44"]
[EventDate "2012.08.08"]
[EventRounds "9"]
[EventCountry "BRA"]

1. e4 e5 2. Nf3 Nc6 3. Bc4 Bc5 4. d4 Bxd4 5. Nxd4 Nxd4 6. O-O Ne6 7. Nc3 Nf6 8.
Bxe6 fxe6 9. Bg5 O-O 10. Qf3 d6 11. Rad1 Bd7 12. Rfe1 Qe8 13. Qg3 Qg6 14. Rd3
h6 15. Bd2 Qxg3 16. Rxg3 Kh7 17. Ree3 Bc6 18. Rh3 g5 19. Reg3 Kg6 20. f3 Rf7
21. Ne2 Raf8 22. b3 Nxe4 0-1

[Event "II Aberto do Brasil de Maringa id. fide 69253 id. 
[Site "Maringa - Parana - Brasil"]
[Date "2012.08.09"]
[Round "2"]
[Board "28"]
[White "SOUZA NEVES, Andrey M"]
[Black "RAMILLO, Vitoria Matheus"]
[Result "1-0"]
[WhiteElo "2140"]
[BlackElo "1794"]
[PlyCount "91"]
[EventDate "2012.08.08"]
[EventRounds "9"]
[EventCountry "BRA"]

1. Nf3 d5 2. b3 c6 3. Bb2 Bg4 4. g3 Nd7 5. Bg2 Ngf6 6. O-O Bxf3 7. exf3 e6 8.
f4 Bd6 9. Re1 O-O 10. d3 Qc7 11. Nd2 e5 12. f5 Rfe8 13. g4 g6 14. h3 a5 15. a3
Rad8 16. c4 Nc5 17. Qe2 d4 18. b4 Na4 19. c5 Bf8 20. Ne4 Nxe4 21. Bxe4 Nxb2 22.
Qxb2 b6 23. cxb6 Qxb6 24. Rec1 c5 25. b5 Rb8 26. a4 gxf5 27. Bxf5 Qh6 28. Kg2
Rb6 29. Qe2 Qf4 30. Qf3 Qxf3+ 31. Kxf3 Rd8 32. h4 h6 33. Ke4 f6 34. h5 Kf7 35.
Rc2 Be7 36. Rac1 Bf8 37. Bg6+ Ke6 38. f4 Bd6 39. fxe5 fxe5 40. Rf2 Rf8 41. Rxf8
Bxf8 42. Rf1 Bg7 43. Rf7 Bf6 44. Ra7 Bg5 45. Bf5+ Kf6 46. Ra6 1-0

[Event "II Aberto do Brasil de Maringa id. fide 69253 id. 
[Site "Maringa - Parana - Brasil"]
[Date "2012.08.09"]
[Round "2"]
[Board "30"]
[White "ALBOREDO, Julia"]
[Black "YANO, William Jorge Froes"]
[Result "0-1"]
[WhiteElo "1770"]
[BlackElo "2124"]
[PlyCount "46"]
[EventDate "2012.08.08"]
[EventRounds "9"]
[EventCountry "BRA"]

1. e4 e6 2. d3 d5 3. Nd2 Nf6 4. Ngf3 Bc5 5. e5 Nfd7 6. d4 Be7 7. Bd3 c5 8. c3
Nc6 9. O-O g5 10. Bb5 Qb6 11. Bxc6 bxc6 12. Nb3 Ba6 13. dxc5 Nxc5 14. Nxc5 Bxf1
15. Nxe6 fxe6 16. Nxg5 Kd7 17. Nxe6 Rag8 18. Nf4 Ba6 19. Qh5 Bc8 20. c4 d4 21.
Qf5+ Kd8 22. Ne6+ Bxe6 23. Qxe6 Rg6 0-1

[Event "II Aberto do Brasil de Maringa id. fide 69253 id. 
[Site "Maringa - Parana - Brasil"]
[Date "2012.08.09"]
[Round "2"]
[Board "32"]
[White "RODRIGUES, Joao Victor Da Silva"]
[Black "DEUS FILHO, Joaquim De"]
[Result "1-0"]
[WhiteElo "1759"]
[BlackElo "2116"]
[PlyCount "99"]
[EventDate "2012.08.08"]
[EventRounds "9"]
[EventCountry "BRA"]

1. e4 c5 2. Nf3 d6 3. d4 cxd4 4. Qxd4 Nc6 5. Bb5 Qa5+ 6. Nc3 Bd7 7. Bxc6 Bxc6
8. Bg5 Nf6 9. O-O-O e5 10. Qd3 Nd7 11. Kb1 f6 12. Bd2 Nc5 13. Qe2 Qc7 14. Nd5
Bxd5 15. exd5 Be7 16. Nh4 g6 17. g3 O-O-O 18. Be3 Kb8 19. Nf3 Rc8 20. h4 Qd7
21. Ne1 f5 22. Nd3 Ne4 23. Nc1 Bd8 24. Nb3 Bb6 25. Bxb6 axb6 26. Nd2 Nf6 27. c4
b5 28. cxb5 Rc5 29. a4 Rxd5 30. Nc4 Qe6 31. Rxd5 Qxd5 32. Rd1 Qe4+ 33. Qxe4
Nxe4 34. f3 Nxg3 35. Rxd6 e4 36. fxe4 f4 37. Rf6 Nxe4 38. Rxf4 Re8 39. Rf7 h6
40. Rh7 g5 41. Rxh6 g4 42. Rg6 g3 43. h5 Rc8 44. b3 Rc5 45. h6 Ng5 46. Ne3 Re5
47. Ng2 Re2 48. Rxg5 Rxg2 49. h7 Rh2 50. Rg8+ 1-0